| 000 | 00430pab a2200169 454500 | ||
|---|---|---|---|
| 008 | 180718b1999 xxu||||| |||| 00| 0 eng d | ||
| 100 | _aMohan Rao, J. | ||
| 245 | _aAgrarian power and unfree labour | ||
| 260 | _c1999 | ||
| 300 | _ap.242-62 | ||
| 362 | _aJan-Apr | ||
| 650 | _aLabour - India | ||
| 650 | _aAgrarian structure - India | ||
| 650 | _aAgrarian structure | ||
| 773 | _aJournal of Peasant Studies | ||
| 909 | _a41330 | ||
| 999 |
_c41330 _d41330 |
||